Tükörszilánkok - Kádár-korszakok a személyes emlékezetben egy 15 évvel ezelőtti kutatás kritikai újragondolása /

Elmentve itt :
Bibliográfiai részletek
Szerző: Kovács Éva
Testületi szerző: 1989 és a rendszerváltás:a társadalmi cselekvés lehetőségei : Interdiszciplináris jelenkor-történeti és politológiai konferencia
Dokumentumtípus: Könyv része
Megjelent: Szegedi Tudományegyetem Állam- és Jogtudományi Kar Politológiai Tanszék Szeged 2019
Sorozat:1989 és a rendszerváltás: a társadalmi cselekvés lehetőségei : absztraktkötet
Kulcsszavak:Magyarország története - 1950-1980-as évek - előadáskivonat, Kádár-korszak - előadáskivonat
Tárgyszavak:
Online Access:http://acta.bibl.u-szeged.hu/66448
LEADER 01178naa a2200217 i 4500
001 acta66448
005 20221220150946.0
008 200422s2019 hu o 1|| hun d
020 |a 978-963-306-710-9 
040 |a SZTE Egyetemi Kiadványok Repozitórium  |b hun 
041 |a hun 
100 1 |a Kovács Éva 
245 1 0 |a Tükörszilánkok - Kádár-korszakok a személyes emlékezetben   |h [elektronikus dokumentum] :  |b egy 15 évvel ezelőtti kutatás kritikai újragondolása /  |c  Kovács Éva 
260 |a Szegedi Tudományegyetem Állam- és Jogtudományi Kar Politológiai Tanszék  |b Szeged  |c 2019 
300 |a 37 
490 0 |a 1989 és a rendszerváltás: a társadalmi cselekvés lehetőségei : absztraktkötet 
650 4 |a Bölcsészettudományok 
650 4 |a Történettudomány és régészet 
695 |a Magyarország története - 1950-1980-as évek - előadáskivonat, Kádár-korszak - előadáskivonat 
711 |a 1989 és a rendszerváltás:a társadalmi cselekvés lehetőségei : Interdiszciplináris jelenkor-történeti és politológiai konferencia  |c Szeged  |d 2019 
856 4 0 |u http://acta.bibl.u-szeged.hu/66448/1/1989_es_a_rendszervaltas_037.pdf  |z Dokumentum-elérés